00962nam a2200181 a 4500001001000000005001700010008004100027041000800068044000700076084002000083100005600103245032800159260005100487300003500538500003400573500010800607650006500715BRCA_895320190320210454.0050717s1777----sp-#######---#000-0#spa-# aspa asp aBE28b.F49 17771 aFeyjoó y Montenegro, Benito Geronymod1676 - 176410aCartas eruditas, y curiosas, en que, por la mayor parte, se continua el designio del theatro critico universal, Impugnando, ó reduciendo á dudosas, varias opiniones comunescescritas por el muy ilustre señor D. Fr. Benito Geronymo Feyjoó y Montenegro, Maestro General del Orden de San Benito, el Consejo del S.M.Ec. aMadridben la imprenta Real de la Gazetac1777 a14, 454 p. (t.5)c21.6 x 15 cm aEn portada: Nueva impresión aEstado físico: presenta encuadernación en pergamino con cantos decorados y algunas hojas manchandas14aDrama españolxHistoria y criticayObras anteriores a 1800